Slovak agriculture and the integration into the EU

Náčrt niektorých očakávaných zmien ekonomických a finančných podmienok hospodárenia v slovenskom poľnohospodárstve po vstupe do EÚ. Hlboká diferenciácia úrovne hospodárenia jednotlivých poľnohospodárskych podnikov a tiež neúmerné rozdelenie ich schopnosti čeliť výzvam a využiť príležitosti budúceho...

Ausführliche Beschreibung

Gespeichert in:
Bibliographische Detailangaben
1. Verfasser: Blaas, Gejza
Format: Buchkapitel
Sprache:Englisch
Schlagworte:
Tags: Tag hinzufügen
Keine Tags, Fügen Sie das erste Tag hinzu!

MARC

LEADER 00000naa$a2200000$$$4500
001 0007719
005 20231113140123.3
041 0 |a eng 
044 |a CZ 
245 1 0 |a Slovak agriculture and the integration into the EU  |c aut. Gejza Blaas 
520 |a Náčrt niektorých očakávaných zmien ekonomických a finančných podmienok hospodárenia v slovenskom poľnohospodárstve po vstupe do EÚ. Hlboká diferenciácia úrovne hospodárenia jednotlivých poľnohospodárskych podnikov a tiež neúmerné rozdelenie ich schopnosti čeliť výzvam a využiť príležitosti budúceho spoločného trhu. Rôzna konkurencieschopnosť jednotlivých komodít. V závere je popis finančných zdrojov alokovaných na podporu rozvoja vidieka a platieb z usmerňovacej sekcie EAGGF na posilnenie štrukturálnych zmien v poľnohospodárstve. 
610 2 0 |a poľnohospodárstvo 
610 2 0 |a podnik poľnohospodársky 
610 2 0 |a komodity 
610 2 0 |a diferenciácia regionálna 
610 2 0 |a konkurencieschopnosť 
610 2 0 |a regióny poľnohospodárske výrobné 
610 2 0 |a Slovensko 
610 2 0 |a Európska únia 
100 1 |a Blaas, Gejza